Statistics for Countries Closest to South America A-Z

Click here to take the quiz!

General Stats

  • This quiz has been taken 768 times
    (309 since last reset)
  • The average score is 20 of 24

Answer Stats

Country% Correct
QQatar
98%
ZZambia
96%
YYemen
96%
OOman
96%
UUnited States
95%
HHonduras
95%
JJamaica
93%
BBarbados
91%
CCosta Rica
91%
PPanama
91%
NNicaragua
90%
AAntigua & Barbuda
90%
DDominica
89%
TTrinidad and Tobago
88%
MMexico
88%
EEl Salvador
87%
FFrance
86%
GGrenada
85%
SSt. Vincent & the Grenadines
81%
VVatican City
77%
IIreland
71%
KKenya
67%
LLiberia
66%
RRep. of Congo
42%

Score Distribution

Percentile by Number Answered

Percent of People with Each Score

Your Score History

You have not taken this quiz since the last reset